| 000 | 01089nam a2200349 i 4500 | ||
|---|---|---|---|
| 001 | 55429 | ||
| 003 | KOSZ 005 | ||
| 005 | 20220315140539.0 | ||
| 008 | 980702s1998 pl a |000 0 pol | ||
| 020 | _a8386980052 | ||
| 040 |
_aWA N _cWA N _dKOSZ 005/HR |
||
| 080 | _a633.4 | ||
| 080 | _a631.8 | ||
| 100 | 1 |
_aJabłoński, Kazimierz _eAutor |
|
| 245 | 1 | 0 |
_aNawożenie ziemniaków / _cKazimierz Jabłoński. |
| 250 | _aWydanie 3 poprawione. | ||
| 260 |
_aWarszawa : _bFundacja "Rozwój SGGW, _c1998 |
||
| 300 |
_a97 s. : _brys. ; _c24 cm. |
||
| 336 |
_aTekst _btxt _2rdacontent |
||
| 337 |
_aBez urządzenia pośredniczącego _bn _2rdamedia |
||
| 338 |
_aWolumin _bnc _2rdacarrier |
||
| 380 | _aKsiążki | ||
| 388 | _a1901-2000 | ||
| 388 | _a1989-2000 | ||
| 504 | _aBibliogr. s. 97. | ||
| 650 | 7 |
_aZiemniaki _2DBN |
|
| 650 | 7 | _aNawożenie | |
| 658 | _aRolnictwo i leśnictwo | ||
| 710 | 2 |
_aWydawnictwo SGGW _4pbl |
|
| 856 |
_uhttp://koha.tu.koszalin.pl/cgi-bin/koha/opac-detail.pl?biblionumber=55429 _yKatalog online BPK |
||
| 942 |
_2UKD _cKS |
||
| 999 |
_c55429 _d55429 |
||